[Event "Troll Masters"]
[Site "Gausdal"]
[Date "1988.??.??"]
[Round "?"]
[White "Carlhammar, Magnus"]
[Black "Lindstedt, Johan"]
[Result "0-1"]
[WhiteElo "2235"]
[BlackElo "2265"]

1.d4 f5 2.Nf3 Nf6 3.g3 g6 4.Bg2 Bg7 5.O-O O-O 6.c4 d6 7.Nc3 Qe8 8.d5 Na6
9.Rb1 c5 10.b3 Nc7 11.a4 b6 12.Bb2 a6 13.Ba1 Rb8 14.Qd3 b5 15.axb5 axb5 16.cxb5 Nxb5
17.Nd2 Ba6 18.Nxb5 Rxb5 19.Rfe1 Qf7 20.Nc4 Rfb8 21.Red1 Rb4 22.Qc2 Ne4 23.Bxg7 Qxg7
24.Rdc1 Qd4 25.Bxe4 Qxe4 26.Ra1 Bb7 27.Qxe4 fxe4 28.Ne3 Rxb3 29.Rc4 Rb4 30.Ra4 Rxc4
31.Rxc4 Ra8 32.Rxe4 e5 33.f4 exf4 34.gxf4 Ra2 35.Kf2 Ba6 36.Nc4 Bxc4 37.Rxc4 Rd2
38.Kf3 Rxd5 39.e4 Rd3+ 40.Ke2 Rh3 41.e5 dxe5 42.fxe5 Rxh2+ 43.Kf3 Kf7 44.Rxc5 Ke6
45.Kg3 Ra2 46.Rc7 h5 47.Rc5 Kf5 48.Kf3 Ra6 49.Ke3 Re6 50.Kd4 g5 51.Rc8 h4
52.Rf8+ Kg4 53.Kd5 Rh6 54.e6 h3 55.e7 h2 56.e8=Q h1=Q+  0-1

[Event "BL2-S8788"]
[Site "Germany"]
[Date "1988.??.??"]
[Round "?"]
[White "Roemer, Uli"]
[Black "Hottes, Dieter"]
[Result "1/2-1/2"]
[WhiteElo "2300"]
[BlackElo "2240"]

1.d4 f5 2.Nf3 Nf6 3.g3 g6 4.Bg2 Bg7 5.O-O O-O 6.c4 d6 7.Nc3 Nc6 8.d5 Na5
9.Nd2 c5 10.Rb1 e5 11.dxe6 Bxe6 12.b3 Nc6 13.Nf3 Kh8 14.Bf4 Nh5 15.Nb5 Nxf4
16.gxf4 a6 17.Qxd6 axb5 18.Qxe6 Re8 19.Qd5 Qe7 20.Ng5 h6 21.Nf7+ Kh7 22.cxb5 Nb4
23.Qxb7 Rxa2 24.e3 Qxb7 25.Bxb7 Re7 26.Nd8 Rd2 27.Rfd1 Rxd8 28.Rxd8 Rxb7
29.Rbd1 g5 30.R1d7 Rxb5 31.Rc7 Na6 32.Ra7 Nb8 33.Rc8 Rb6 34.fxg5 hxg5 35.Rcc7 Rg6
36.Rxc5 f4 37.exf4 gxf4+ 38.Kf1 Kh6 39.Rf5 Rb6 40.Rxf4 Rxb3 41.Rff7 Bd4 42.Rab7 Rxb7
43.Rxb7 Be5 44.Kg2 Kg5 45.Rb5 Kf4 46.h4 Nc6 47.h5 Nd4 48.Rd5 Kf5 49.h6 Ne6
50.Ra5 Nf4+ 51.Kf3 Ng6 52.Ke3 Kf6 53.Ke4 Bc3 54.Rf5+ Ke6 55.f4 Bd2 56.h7 Bc3
57.Rc5 Bg7 58.f5+ Kf7 59.fxg6+ Kxg6 60.Rc6+ Kxh7 61.Kf5 Bd4 62.Rc4 Bb2 63.Rc6 Bd4
64.Re6 Bc3 65.Re7+ Kh6  1/2-1/2

[Event "FIN-ch"]
[Site "Helsinki"]
[Date "1988.??.??"]
[Round "9"]
[White "Kekki, Petri"]
[Black "Pyhala, Antti"]
[Result "0-1"]
[WhiteElo "2230"]
[BlackElo "2360"]

1.d4 f5 2.c4 Nf6 3.Nf3 g6 4.g3 Bg7 5.Bg2 O-O 6.O-O d6 7.Nc3 Qe8 8.Nd5 Nxd5
9.cxd5 Qb5 10.Ne1 a5 11.a4 Qb6 12.Be3 Bd7 13.Qd2 Na6 14.h4 c5 15.h5 cxd4
16.Bg5 Nc5 17.Qf4 Rf7 18.Nf3 Qxb2 19.Qh4 Re8 20.Rad1 Ne4 21.Rb1 Qxe2 22.Rxb7 Bxa4
23.Rxe7 Rfxe7 24.Bxe7 d3 25.hxg6 hxg6 26.Bxd6 d2 27.Ng5 Nxg5 28.Qxa4 Qxf1+  0-1

[Event "JUG-ch"]
[Site "?"]
[Date "1988.??.??"]
[Round "?"]
[White "Lalic, Bogdan"]
[Black "Todorovic, Goran M"]
[Result "1-0"]
[WhiteElo "2495"]
[BlackElo "2425"]

1.d4 f5 2.c4 Nf6 3.g3 g6 4.Bg2 Bg7 5.Nf3 O-O 6.O-O c6 7.Nc3 Ne4 8.Qc2 Nxc3
9.bxc3 d6 10.e4 e5 11.dxe5 fxe4 12.Ng5 dxe5 13.c5 Na6 14.Qb3+ Qd5 15.Nxe4 Qf7
16.Qxf7+ Rxf7 17.Nd6 Rc7 18.Be3 Bf8 19.Rab1 Bf5 20.Rb3 Be6 21.Rb2 Rd8 22.Rd1 Rcd7
23.Rbd2 Rc7 24.Rb1 Be7 25.h4 Rcd7 26.Rxb7 Rxb7 27.Nxb7 Rxd2 28.Bxd2 Bxa2
29.Be3 Nb8 30.Na5 Bd8 31.Nxc6 Nxc6 32.Bxc6 Bb3 33.Kf1 Kf7 34.Ke2 Ke6 35.Kd3 Bd5
36.Bb5 a5 37.c4 Bg2 38.Kc3 Bc7 39.Kb3 Bf3 40.Ka3 Be4 41.Ba4 Bf3 42.Bg5 Be2
43.Bb5 Bf3 44.Kb3 Bg2 45.Be8 Bf1 46.Bc6 Bd3 47.Bd5+ Kd7 48.Bh6 Be2 49.Bg8 Bd1+
50.Ka3 Ke8 51.Be3 Kf8 52.Bd5 Ke7 53.Bg5+ Kd7 54.Bg8 Ke8 55.Be6 Bd8 56.c6 Bf3
57.Bd7+  1-0

[Event "Kecskemet"]
[Site "Kecskemet"]
[Date "1988.??.??"]
[Round "?"]
[White "Groszpeter, Attila"]
[Black "Videki, Sandor"]
[Result "1-0"]
[WhiteElo "2510"]
[BlackElo "2445"]

1.d4 f5 2.g3 Nf6 3.Bg2 g6 4.c4 Bg7 5.Nf3 O-O 6.O-O d6 7.Nc3 Nc6 8.b3 Ne4
9.Bb2 e5 10.dxe5 Nxc3 11.Bxc3 dxe5 12.Qd5+ Kh8 13.Qxd8 Rxd8 14.Ng5 Rf8 15.Bxc6 bxc6
16.Rfd1 e4 17.Nf7+ Kg8 18.Bxg7 Rxf7 19.Be5 Be6 20.f4 Kf8 21.Rd2 Ke8 22.Rad1 Rc8
23.Kf2 a5 24.Ke3 a4 25.Kd4 axb3 26.axb3 Rd7+ 27.Kc5 Rb8 28.b4 Ra8 29.Kxc6 Rxd2
30.Rxd2 Bxc4 31.Kxc7 Ra3 32.Rb2 Ra7+ 33.Kc6 Rd7 34.b5 Bd5+ 35.Kc5 Ke7 36.Rc2 Ke6
37.Kb6 Rb7+ 38.Ka6 e3 39.Bc7 Be4 40.Rc3 Kd7 41.b6  1-0

[Event "Lienz op"]
[Site "Lienz"]
[Date "1988.??.??"]
[Round "?"]
[White "Roemer, Uli"]
[Black "Poecksteiner, Johann"]
[Result "1/2-1/2"]
[WhiteElo "2300"]
[BlackElo "2255"]

1.d4 f5 2.Nf3 Nf6 3.g3 g6 4.Bg2 Bg7 5.O-O O-O 6.c4 d6 7.Nc3 Qe8 8.d5 Na6
9.e4 fxe4 10.Ng5 c6 11.Ngxe4 Nc7 12.Nxf6+ Rxf6 13.Be3 c5 14.a4 b6 15.Qb3 Bf5
16.Rfe1 Qd7 17.a5 Rb8 18.axb6 Rxb6 19.Qa3 a6 20.Na4 Rb8 21.Bd2 Rff8 22.Bc3 Bh6
23.b4 cxb4 24.Bxb4 Bc2 25.Ra2 a5 26.Rxc2 axb4 27.Qb3 Bg7 28.Kh1 Kh8 29.Rce2 Bf6
30.h4 Na6 31.Kh2 Rf7 32.Bh3 Qa7 33.Ra2 Nc5 34.Nxc5 Qxc5 35.f4  1/2-1/2

[Event "Lvov"]
[Site "Lvov"]
[Date "1988.??.??"]
[Round "?"]
[White "Petrosian, Arshak B"]
[Black "Kotronias, Vasilios"]
[Result "1-0"]
[WhiteElo "2480"]
[BlackElo "2465"]

1.d4 f5 2.Nf3 Nf6 3.g3 g6 4.Bg2 Bg7 5.O-O O-O 6.c4 d6 7.Nc3 Qe8 8.d5 Na6
9.Be3 c6 10.Rc1 Ng4 11.Bf4 h6 12.h3 Nf6 13.Be3 g5 14.Nd4 Bd7 15.f4 Nh5 16.Kh2 e5
17.dxe6 Bxe6 18.Nxe6 Qxe6 19.Bd4 Qg6 20.Bxg7 Kxg7 21.Qd4+ Kg8 22.Rf3 Nc5
23.Rd1 gxf4 24.gxf4 Rf6 25.Rg1 Kh7 26.Bh1 Qf7 27.Rff1 Re8 28.e3 Rfe6 29.Bf3 Nf6
30.Re1 a5 31.Rg3 R8e7 32.Reg1 Qe8 33.Bd1 Qf7 34.Bc2 Qh5 35.Rg5 hxg5 36.Bxf5+ Kh8
37.Bxe6 Rxe6 38.fxg5 Nd7 39.gxf6 Qe5+ 40.Qxe5 Nxe5 41.Rf1 Kg8 42.Ne4 Nf7
43.Rf4 d5 44.cxd5 cxd5 45.Nc3 Rxe3 46.Nxd5 Re2+ 47.Kg3 Rxb2 48.Ne7+ Kf8 49.Ng6+ Kg8
50.Ne7+ Kf8 51.Rg4 Ke8 52.a4 b5 53.axb5 Rxb5 54.Rg8+ Kd7 55.Ra8 Nh6 56.Kf4 Ke6
57.Ra6+ Kf7 58.Ke4 Rh5 59.Nd5 Rxh3 60.Ra7+ Kf8 61.Nf4 Rb3 62.Ne6+ Kg8 63.Rg7+ Kh8
64.Nf8 Rb4+ 65.Kf3 Rg4 66.Rxg4  1-0

[Event "Lvov"]
[Site "Lvov"]
[Date "1988.??.??"]
[Round "?"]
[White "Novikov, Igor A"]
[Black "Malaniuk, Vladimir P"]
[Result "1/2-1/2"]
[WhiteElo "2485"]
[BlackElo "2515"]

1.d4 f5 2.g3 Nf6 3.Bg2 g6 4.Nf3 Bg7 5.O-O O-O 6.c4 d6 7.Nc3 Qe8 8.d5 Na6
9.Rb1 c5 10.b3 h6 11.Bb2 g5 12.Qd2 Qh5 13.e3 Bd7 14.Ne1 f4 15.exf4 gxf4 16.Ne2 fxg3
17.Nxg3 Qg6  1/2-1/2

[Event "URS-ch sf"]
[Site "Minsk"]
[Date "1988.??.??"]
[Round "?"]
[White "Dautov, Rustem"]
[Black "Basin, Leonid"]
[Result "1-0"]
[WhiteElo "2515"]
[BlackElo "2350"]

1.d4 f5 2.g3 g6 3.Bg2 Nf6 4.Nf3 Bg7 5.O-O O-O 6.c4 d6 7.Nc3 Qe8 8.b3 Na6
9.Ba3 c6 10.Qd3 Rb8 11.Nd2 c5 12.e3 Bd7 13.Rac1 Qc8 14.Rfd1 b6 15.Nf3 h6
16.Nh4 Qe8 17.Nb5 Ne4 18.Nf3 g5 19.Nd2 Nxd2 20.Rxd2 Kh8 21.Nxa7 f4 22.exf4 gxf4
23.Nb5 Qh5 24.Re1 Bf6 25.Qe4 fxg3 26.fxg3 cxd4 27.Nxd4 Nc5 28.Qd5 Qg6 29.Bb2 Qg7
30.b4 Na4 31.Ba1 b5 32.cxb5 Rxb5 33.Nxb5 Bxa1 34.Rf1 Rxf1+ 35.Bxf1 Bxb5 36.Qxb5  1-0

[Event "URS-ch sf"]
[Site "Minsk"]
[Date "1988.??.??"]
[Round "?"]
[White "Zayac, Elena"]
[Black "Basin, Leonid"]
[Result "1/2-1/2"]
[WhiteElo "2230"]
[BlackElo "2350"]

1.d4 f5 2.g3 Nf6 3.Bg2 g6 4.Nf3 Bg7 5.O-O O-O 6.c4 d6 7.d5 Na6 8.Nd4 Bd7
9.Nc3 Qe8 10.Re1 c6 11.Rb1 Nc5 12.b3 Nce4 13.Bb2 Qf7 14.Nc2 g5 15.Nxe4 fxe4
16.Ne3 Nxd5 17.Nxd5 Bxb2 18.Nxe7+ Qxe7 19.Rxb2 Qf6 20.Rd2 Qxf2+ 21.Kh1 Bg4
22.Rf1 Qe3 23.Rxd6 Bxe2 24.Re1 Bxd1 25.Rxe3 Bf3 26.Rd7 Rad8 27.Rxd8 Rxd8
28.Bxf3 exf3 29.Rxf3 Rd2 30.a4 Kg7 31.Kg1 g4 32.Re3 Kf6 33.Kh1 h5 34.Kg1 Kf5
35.Kh1 a5 36.Kg1 Rb2 37.Kh1 Rb1+ 38.Kg2 Rb2+ 39.Kg1 Rb1+ 40.Kg2 Rd1 41.Kf2 Rd2+
42.Kg1 b6 43.Kh1 Rd4 44.Kg2 Re4 45.Kf2 Ke5 46.Rd3 Rd4  1/2-1/2

[Event "URS-chT"]
[Site "Naberezhnie Chelni"]
[Date "1988.??.??"]
[Round "?"]
[White "Dokhoian, Yury"]
[Black "Tseitlin, Mikhail S"]
[Result "1/2-1/2"]
[WhiteElo "2520"]
[BlackElo "2455"]

1.d4 f5 2.g3 Nf6 3.Bg2 g6 4.Nf3 Bg7 5.O-O O-O 6.c4 d6 7.Nc3 Nc6 8.d5 Na5
9.Nd2 c5 10.Qc2 e5 11.dxe6 Bxe6 12.Rd1 Nc6 13.e3 Qe7 14.Nd5 Bxd5 15.cxd5 Ne5
16.a4 b6 17.Ra3 a6 18.h3 b5 19.e4 fxe4 20.Nxe4 Nxe4 21.Qxe4 Rae8 22.Re3 Qf7
23.Qc2  1/2-1/2

[Event "Novi Sad op"]
[Site "Novi Sad"]
[Date "1988.??.??"]
[Round "4"]
[White "Jacimovic, Dragoljub"]
[Black "Vasiukov, Evgeni"]
[Result "0-1"]
[WhiteElo "2380"]
[BlackElo "2490"]

1.d4 f5 2.g3 Nf6 3.Bg2 g6 4.Nf3 Bg7 5.O-O O-O 6.c4 d6 7.Nc3 Qe8 8.d5 Na6
9.Rb1 c5 10.dxc6 bxc6 11.b4 Rb8 12.a3 c5 13.b5 Nc7 14.Qa4 a6 15.Qa5 Qd8 16.Ng5 h6
17.b6 Nce8 18.Nh3 e5 19.Qa4 Rf7 20.Nd5 Bb7 21.Bd2 g5 22.Kh1 e4 23.Nxf6+ Nxf6
24.f4 g4 25.Nf2 d5 26.cxd5 Nxd5 27.Nd1 Nxb6 28.Qc2 Nc4 29.Bc1 Qd4 30.Rb3 Na5
31.Rb6 Rc8 32.Bd2 Nc4 33.Bc3 Nxb6 34.Bxd4 cxd4 35.Qb3 Nc4 36.Re1 Bd5 37.Qa4 Rc6
38.Nf2 Ne3 39.Qa5 Rd7 40.Nd1 Nc4 41.Qb4 Rc8  0-1

[Event "Novi Sad op"]
[Site "Novi Sad"]
[Date "1988.??.??"]
[Round "9"]
[White "Petrosian, Arshak B"]
[Black "Vasiukov, Evgeni"]
[Result "1-0"]
[WhiteElo "2480"]
[BlackElo "2490"]

1.d4 f5 2.Nf3 Nf6 3.g3 g6 4.Bg2 Bg7 5.O-O O-O 6.c4 d6 7.Nc3 Qe8 8.d5 Na6
9.Be3 h6 10.Rc1 g5 11.Bd4 Qh5 12.Bxf6 Bxf6 13.Nd4 f4 14.a3 Bxd4 15.Qxd4 Nc5
16.Rce1 Bh3 17.f3 Rf7 18.g4 Qh4 19.Qf2 Qxf2+ 20.Kxf2 Bxg2 21.Kxg2 Nb3 22.Ne4 c5
23.h4 Nd4 24.hxg5 Nc2 25.gxh6 Rh7 26.g5 Kf7 27.e3 Rf8 28.exf4 Nxe1+ 29.Rxe1 Kg6
30.Nf2 e5 31.dxe6 Re7 32.Kg3 Kf5 33.Rd1 b5 34.Ne4 bxc4 35.Rd5+ Kxe6 36.Rxd6+ Kf5
37.Rd5+ Kg6 38.Kg4 Ref7 39.Rd6+ Kh7 40.g6+  1-0

[Event "ROM-ch"]
[Site "Predeal"]
[Date "1988.??.??"]
[Round "6"]
[White "Marin, Mihail"]
[Black "Marasescu, Ioan"]
[Result "1-0"]
[WhiteElo "2480"]
[BlackElo "2350"]

1.d4 f5 2.g3 Nf6 3.Bg2 g6 4.Nf3 Bg7 5.O-O O-O 6.c4 c6 7.d5 d6 8.Nc3 Bd7 9.Rb1 Na6
10.b4 Rc8 11.Qd3 Ne4 12.Nd1 Nc7 13.Bb2 Bxb2 14.Rxb2 cxd5 15.cxd5 Nb5 16.Rb3 Qb6
17.a4 Nc7 18.Nb2 Na6 19.a5 Qb5 20.Qe3 Qxd5 21.Ng5 Qd2 22.Nxe4 Qxe3 23.Rxe3 fxe4
24.Bxe4 Nxb4 25.Rb3 Nc6 26.Rxb7 Bh3 27.Rd1 Kf7 28.a6 Rfd8 29.Nd3 Be6 30.Bxc6 Rxc6
31.Ne5+ dxe5 32.Rxd8 Rxa6 33.f3 Ra2 34.Ra8 Rxe2 35.Raxa7 Bd5 36.Rxe7+ Kf6
37.Rxh7 Ke6 38.Ra3 e4 39.fxe4 Bxe4 40.Kf1 Rb2 41.Re3 Kd5 42.Rd7+ Kc6 43.Rd4  1-0

[Event "URS-FL56"]
[Site "Simferopol"]
[Date "1988.??.??"]
[Round "?"]
[White "Lputian, Smbat G"]
[Black "Malaniuk, Vladimir P"]
[Result "1/2-1/2"]
[WhiteElo "2540"]
[BlackElo "2520"]

1.d4 f5 2.g3 Nf6 3.Bg2 g6 4.Nf3 Bg7 5.O-O O-O 6.c4 d6 7.Nc3 Qe8 8.Nd5 Nxd5
9.cxd5 Qb5 10.Ne1 a5 11.e3 a4 12.Nc2 c6 13.Na3 Qb6 14.b3 cxd5 15.Bxd5+ e6
16.Bf3 axb3 17.axb3 Qd8 18.Bb2 d5 19.Nb5 Rxa1 20.Qxa1 Bd7 21.Be2 Qb6 22.Qa7 Qxa7
23.Nxa7 Nc6 24.Ra1 Ra8 25.Nxc6 Rxa1+ 26.Bxa1 Bxc6  1/2-1/2

[Event "URS-FL56"]
[Site "Simferopol"]
[Date "1988.??.??"]
[Round "?"]
[White "Savchenko, Stanislav"]
[Black "Malaniuk, Vladimir P"]
[Result "1/2-1/2"]
[WhiteElo "2480"]
[BlackElo "2520"]

1.d4 f5 2.g3 Nf6 3.Bg2 g6 4.Nf3 Bg7 5.O-O O-O 6.c4 d6 7.Nc3 Qe8 8.b3 Na6
9.Ba3 c6 10.Qd3 Rb8 11.Nd2 b5 12.cxb5 cxb5 13.Nd5 Nxd5 14.Bxd5+ e6 15.Bg2 b4
16.Bb2 Nc7 17.Nc4 Qd7 18.f4 Ba6 19.Qd2 Nd5 20.Rac1 Rfc8 21.Rc2 Bb7 22.Rfc1 Bf8
23.Ne3 Nxe3 24.Qxe3 d5 25.Rxc8 Rxc8 26.Rxc8 Qxc8 27.Qc1 Qd8 28.a4 bxa3 29.Bxa3 Qa5
30.Bxf8 Kxf8 31.Kf2 Ke7 32.Qe3 Kf7 33.Qe5 Qb6 34.Qh8 h5 35.Qh7+ Kf6 36.Qh8+ Kf7
37.Qh7+ Kf6 38.Qh8+  1/2-1/2

[Event "URS-FL56"]
[Site "Simferopol"]
[Date "1988.??.??"]
[Round "?"]
[White "Janjgava, Lasha"]
[Black "Basin, Leonid"]
[Result "1/2-1/2"]
[WhiteElo "2470"]
[BlackElo "2350"]

1.c4 f5 2.Nf3 Nf6 3.g3 g6 4.Bg2 Bg7 5.d4 O-O 6.O-O d6 7.Nc3 Qe8 8.b3 c6 9.Ba3 Na6
10.Qd3 h6 11.e4 fxe4 12.Nxe4 Nxe4 13.Qxe4 Bf5 14.Qe3 g5 15.h3 Qf7 16.Rae1 Rae8
17.Qd2 Bf6 18.Re3 Rd8 19.Qa5 Bc8 20.Rd1 Qg7 21.g4 Kh8 22.Qd2 Nc7  1/2-1/2

[Event "Tatran Cup"]
[Site "Stary Smokovec"]
[Date "1988.??.??"]
[Round "4"]
[White "Sapi, Laszlo"]
[Black "Vasiukov, Evgeni"]
[Result "1/2-1/2"]
[WhiteElo "2350"]
[BlackElo "2485"]

1.d4 f5 2.Nf3 Nf6 3.g3 g6 4.Bg2 Bg7 5.O-O O-O 6.c4 d6 7.Nc3 Qe8 8.Re1 Qf7
9.b3 Ne4 10.Bb2 Nc6 11.Rc1 a5 12.e3 e6 13.Qe2 d5 14.Nb5 a4 15.cxd5 exd5 16.Ne5 Bxe5
17.dxe5 axb3 18.axb3 Qe7 19.f3  1/2-1/2

[Event "Tatran Cup"]
[Site "Stary Smokovec"]
[Date "1988.??.??"]
[Round "6"]
[White "Sapi, Laszlo"]
[Black "Gazik, Igor"]
[Result "0-1"]
[WhiteElo "2350"]
[BlackElo "2420"]

1.d4 f5 2.Nf3 Nf6 3.g3 g6 4.Bg2 Bg7 5.O-O O-O 6.c4 d6 7.Nc3 Qe8 8.b3 h6 9.Bb2 g5
10.e3 a5 11.d5 Na6 12.Nd4 Bd7 13.f4 Qg6 14.fxg5 hxg5 15.Bh3 Ng4 16.Qe2 Nc5
17.Bxg4 fxg4 18.Rad1 c6 19.Qg2 Nd3 20.Qc2 Rxf1+ 21.Rxf1 c5 22.Ne6 Bxe6 23.dxe6 Ne5
24.Qxg6 Nxg6 25.Rf5 Ne5 26.Nd1 Nf3+ 27.Kg2 Bxb2 28.Nxb2 Rf8 29.Rxf8+ Kxf8
30.Nd3 Kg7 31.h3 Kf6 32.hxg4 Ne5 33.Nxe5 Kxe5 34.Kf3 d5 35.cxd5 Kxd5 36.a4 c4
37.bxc4+ Kxc4 38.Ke4 b5 39.axb5 Kxb5 40.Kf5 a4 41.Kxg5 a3 42.Kg6 a2 43.Kf7 a1=Q
44.Kxe7 Qg7+ 45.Kd6 Kb6 46.e7 Qf6+ 47.Kd7 Qc6+ 48.Kd8 Qd6+ 49.Ke8 Kc7 50.e4 Qxg3  0-1

[Event "SWZ-ch"]
[Site "?"]
[Date "1988.??.??"]
[Round "?"]
[White "Gerber, Richard"]
[Black "Kaenel, Hansjuerg"]
[Result "1/2-1/2"]
[WhiteElo "2370"]
[BlackElo "2335"]

1.d4 f5 2.g3 Nf6 3.Bg2 g6 4.Nf3 Bg7 5.O-O O-O 6.c4 d6 7.Nc3 Nc6 8.d5 Na5
9.Nd2 c5 10.Qc2 a6 11.b3 Rb8 12.Rb1 b5 13.Bb2 Bd7 14.e3 bxc4 15.bxc4 Rb4
16.Ne2 Qc7 17.Bc3 Rxb1 18.Rxb1 Nh5 19.Bxg7 Nxg7 20.Qb2 Ra8 21.Nf4 Ra7 22.Qb8+ Bc8
23.h4 Rb7 24.Qxc7 Rxc7 25.Rb8 Kf7 26.Bf1 h6 27.Bd3 g5 28.hxg5 hxg5 29.Nh3 Kf6
30.f4 gxf4 31.Nxf4 Nb7 32.Kf2 Nd8 33.e4 Nf7 34.exf5 Nxf5 35.Nf3 N7h6 36.Nh2 Nd4
37.Nh5+ Kf7 38.Ke3 Bf5 39.Bxf5 Nhxf5+ 40.Kf4 Ng7 41.g4 Ra7 42.Kg5 a5 43.a4 e6
44.dxe6+ Ngxe6+ 45.Kh6 Re7 46.Rb1 Re8 47.Rb7+  1/2-1/2

[Event "URS Cup rapid"]
[Site "Tallinn"]
[Date "1988.??.??"]
[Round "1"]
[White "Petrosian, Arshak B"]
[Black "Malaniuk, Vladimir P"]
[Result "1/2-1/2"]
[WhiteElo "2480"]
[BlackElo "2515"]

1.d4 f5 2.Nf3 Nf6 3.g3 g6 4.Bg2 Bg7 5.O-O O-O 6.c4 d6 7.Nc3 Qe8 8.d5 Na6
9.Be3 c5 10.Qd2 Bd7 11.Bh6 Qf7 12.Bxg7 Qxg7 13.Rfe1 h6 14.e4 fxe4 15.Nxe4 Bg4
16.Qe2 Rf7 17.h3 Bd7 18.Nfd2 Nh7 19.b3 g5 20.Rad1 Nf8 21.Nf1 Ng6 22.Nh2 Rb8
23.Qd2 Ne5 24.Re3 Kh8 25.Nf1 b5 26.Qa5 Rb6 27.Nfd2 Ng6 28.Rde1 b4 29.a3 bxa3
30.Qxa3 Bc8 31.Nf1 Rf8 32.Nc3 Nb4 33.Qxa7 Rb7 34.Qa4 Nc2 35.Ne4 Nxe1 36.Rxe1 Bd7
37.Qa3 Rfb8 38.Nfd2 Ne5 39.Re3 Bf5 40.g4 Bg6 41.Ng3 Nd3 42.Be4 Qf6 43.Bf5 Nf4
44.Nge4 Qg7 45.Bxg6 Qxg6 46.Qa5 Rf8 47.Nf1 Rfb8 48.Nfd2 Qg7 49.Kh2 Qd4 50.Kg3 Rf8
51.Nf3 Qg7 52.Qa2 Ng6 53.Qc2 Ne5 54.Nxe5 Qxe5+ 55.Kg2 Qf4 56.Ng3 Qf7 57.Nf5 Qf6
58.Rf3 Qf7 59.Nh4 gxh4 60.Rxf7 Rxf7 61.Qe2  1/2-1/2

[Event "URS Cup rapid"]
[Site "Tallinn"]
[Date "1988.??.??"]
[Round "10"]
[White "Itkis, Boris"]
[Black "Zaid, Leonid D"]
[Result "1-0"]
[WhiteElo "2295"]
[BlackElo "2355"]

1.d4 f5 2.g3 Nf6 3.Bg2 g6 4.Nf3 Bg7 5.O-O O-O 6.c4 d6 7.Nc3 Qe8 8.Be3 Nc6
9.d5 Ne5 10.Nxe5 dxe5 11.Nb5 Qd8 12.Bxa7 Bd7 13.Bc5 Bxb5 14.cxb5 b6 15.Ba3 e4
16.f3 Kh8 17.fxe4 fxe4 18.Qb3 Qd7 19.Rad1 Rae8 20.Qc4 Qg4 21.Rf4 Qh5 22.Rdf1 Qe5
23.Qc3 Qxd5 24.Bxe4 Qxb5 25.Bc6 Qxe2 26.Bxe8 Rxe8 27.Re1 Qh5 28.Rxe7 Rxe7
29.Bxe7 Ng8 30.Qe1 Qd5 31.Qe4 Qxa2 32.Rf2 c5 33.Bd6 Nf6 34.Qe2 Qb1+ 35.Rf1 Qe4
36.Qxe4 Nxe4 37.Bc7 Bxb2 38.Bxb6 c4  1-0

[Event "Thessaloniki ol (Men)"]
[Site "Thessaloniki"]
[Date "1988.??.??"]
[Round "11"]
[White "Cooper, John Grantley"]
[Black "Kotronias, Vasilios"]
[Result "0-1"]
[WhiteElo "2380"]
[BlackElo "2550"]

1.Nf3 f5 2.g3 Nf6 3.Bg2 g6 4.O-O Bg7 5.d4 O-O 6.c4 d6 7.Nc3 Qe8 8.b3 c6 9.Ba3 Na6
10.Qd3 h6 11.Rfe1 g5 12.e4 fxe4 13.Nxe4 Nxe4 14.Qxe4 Qh5 15.Qxe7 Bg4 16.Ne5 dxe5
17.Qxb7 Bf3 18.Bxf8 Rxf8 19.Bxf3 Qxf3 20.Rf1 exd4 21.Qxa6 d3 22.Qxa7 Bxa1
23.Rxa1 d2 24.Qd4 Qe2 25.Rf1 Re8 26.Qd6 Re6 27.Qd8+ Kf7 28.Qd7+ Re7 29.Qxc6 d1=Q
30.Rxd1 Qxd1+ 31.Kg2 g4 32.c5 Re1  0-1

[Event "CSR-ch"]
[Site "Trinec"]
[Date "1988.??.??"]
[Round "5"]
[White "Pekarek, Ales"]
[Black "Gazik, Igor"]
[Result "1/2-1/2"]
[WhiteElo "2455"]
[BlackElo "2420"]

1.Nf3 f5 2.d4 Nf6 3.c4 g6 4.g3 Bg7 5.Bg2 O-O 6.O-O c6 7.b3 Ne4 8.Bb2 d5 9.Nbd2 Be6
10.Rc1 Nd7 11.cxd5 Bxd5 12.Nxe4 Bxe4 13.Ng5 Bxg2 14.Kxg2 Nf6 15.d5 Bh6 16.Ne6 Qxd5+
17.Qxd5 Nxd5 18.Rce1 Rf7 19.e4 Nb4 20.exf5 Nd3 21.Re2 Nxb2 22.Rxb2 Rxf5 23.f4 Rc8
24.Re2 Rd5 25.Rfe1 c5 26.g4 Rd7 27.h4 b5 28.g5 Bf8 29.Rc2 c4 30.Rec1 Rc6
31.Nxf8 Kxf8 32.bxc4 Rxc4 33.Rxc4 bxc4 34.Rxc4 Rd2+ 35.Kf3 Rxa2 36.Rc8+ Kg7
37.Re8 Kf7 38.Rh8 Ra3+ 39.Ke4 Ra4+ 40.Ke5 Ra5+ 41.Ke4 Kg7 42.Re8 Kf7  1/2-1/2

[Event "Uzhgorod"]
[Site "Uzhgorod"]
[Date "1988.??.??"]
[Round "?"]
[White "Stempin, Pawel"]
[Black "Pirttimaki, Timo"]
[Result "1-0"]
[WhiteElo "2435"]
[BlackElo "2260"]

1.Nf3 f5 2.d4 Nf6 3.g3 g6 4.Bg2 Bg7 5.O-O O-O 6.c4 d6 7.d5 c5 8.Nc3 Na6 9.b3 Bd7
10.Rb1 Rb8 11.Bb2 Nc7 12.a4 b6 13.Qd2 a6 14.e4 b5 15.e5 Ne4 16.Nxe4 fxe4
17.Ng5 bxc4 18.bxc4 dxe5 19.Ba3 Rxb1 20.Rxb1 Ne8 21.Bxc5 Nd6 22.Nxe4 Bf5
23.Bxd6 exd6 24.c5 dxc5 25.d6 Kh8 26.Rb7 c4 27.Rc7 Qb8 28.Rxc4 h6 29.Nc5 Rd8
30.Nb7 Rd7 31.Rb4 a5 32.Rb5 e4 33.g4 Bxg4 34.Bxe4 Qe8 35.f3 Bh3 36.Nc5 Rd8
37.Nb7 Rd7 38.Rxa5 Qf7 39.Ra8+ Kh7 40.Bd5 Qf6 41.Bg8+ Kh8 42.Be6+ Kh7 43.Bg8+ Kh8
44.Re8 Qh4 45.Be6+ Kh7 46.Bg8+ Kh8 47.Be6+ Kh7 48.Bxd7 Bd4+ 49.Kh1 Bxd7 50.Re7+ Kg8
51.Rxd7 Qh3 52.Rd8+ Kh7 53.Qe2  1-0

[Event "Alma-Ata"]
[Site "Alma-Ata"]
[Date "1989.??.??"]
[Round "4"]
[White "Douven, Rudy C"]
[Black "Kuczynski, Robert"]
[Result "1/2-1/2"]
[WhiteElo "2445"]
[BlackElo "2450"]

1.d4 f5 2.Nf3 Nf6 3.g3 g6 4.Bg2 Bg7 5.O-O O-O 6.c4 d6 7.Nc3 c6 8.b3 Na6 9.Ba3 Qa5
10.Qc1 Bd7 11.Nd2 Nb4 12.Bb2 Na6 13.a3 e5 14.b4 Qd8 15.dxe5 dxe5 16.c5 Be6
17.Nd1 e4 18.Nc4 Bxc4 19.Qxc4+ Qd5 20.Ne3 Qxc4 21.Nxc4 Nd5 22.Bxg7 Kxg7 23.f3 exf3
24.Bxf3 Nac7 25.e4 fxe4 26.Bxe4 Nc3 27.Bf3 N7b5 28.Rae1 Rae8 29.Kg2 h5 30.Rxe8 Rxe8
31.Rc1 Rd8 32.Nd6 Nxd6 33.Rxc3 Nb5 34.Re3 Rd2+ 35.Kg1 Nd4 36.Bg2 Rd1+ 37.Kf2 Rd2+
38.Kg1 Kf7 39.Bh3 Rd1+ 40.Kf2 Rd2+ 41.Kg1 g5 42.Bc8 b6 43.cxb6 axb6 44.h3 Kf6
45.Kf1 Ra2  1/2-1/2

[Event "Athens op"]
[Site "Athens"]
[Date "1989.??.??"]
[Round "?"]
[White "Bany, Jerzy"]
[Black "Vasiukov, Evgeni"]
[Result "1/2-1/2"]
[WhiteElo "2440"]
[BlackElo "2510"]

1.d4 f5 2.Nf3 Nf6 3.g3 g6 4.Bg2 Bg7 5.c4 O-O 6.O-O d6 7.d5 Na6 8.Nc3 Qe8
9.Rb1 c5 10.dxc6 bxc6 11.b4 Rb8 12.b5 cxb5 13.cxb5 Nc5 14.Nd4 a6 15.Nc6 Rb6
16.a4 axb5 17.axb5 Bd7 18.Be3 Rxc6 19.bxc6 Bxc6 20.Nd5 Bxd5 21.Bxd5+ Nxd5
22.Qxd5+ Qf7 23.Rfd1 Ne4 24.Rb7 Qxd5 25.Rxd5 Bf6 26.Bd4 Ra8 27.Bxf6 Nxf6
28.Rd3 Kf8 29.Re3 Nd5 30.Reb3 Kf7 31.Kg2 Ra2 32.Rb2 Ra3 33.Rd2 Ra5 34.h3 h5
35.Rd4 Ke6 36.e4 Nf6 37.exf5+ gxf5 38.Rd2 Nd5 39.Re2+ Kf6 40.Reb2 Ra4 41.Rd2 Ra5
42.Rb8 h4 43.gxh4 Nf4+ 44.Kg3 Ra3+ 45.f3 Ng6 46.Rdb2 f4+ 47.Kf2 Nxh4 48.R8b3  1/2-1/2

[Event "Bad Orb op"]
[Site "Bad Orb"]
[Date "1989.??.??"]
[Round "?"]
[White "Vegh, Endre"]
[Black "Gupta, Milon"]
[Result "1-0"]
[WhiteElo "2370"]
[BlackElo "2260"]

1.d4 f5 2.Nf3 Nf6 3.g3 g6 4.Bg2 Bg7 5.O-O O-O 6.c4 d6 7.Nc3 Qe8 8.b3 h6 9.Qd3 g5
10.Ba3 Qh5 11.e4 fxe4 12.Nxe4 Bg4 13.Ned2 Nbd7 14.Rae1 Rae8 15.Re3 Bh3 16.Rfe1 Bxg2
17.Kxg2 Rf7 18.Qf5 e5 19.Qd3 Rfe7 20.h3 Qf7 21.dxe5 Nxe5 22.Nxe5 Rxe5 23.Rxe5 dxe5
24.Ne4 Nxe4 25.Qxe4 c6 26.Rd1 Re6 27.g4 a6 28.Rd3 b5 29.cxb5 cxb5 30.Rd8+ Re8
31.Rd6 a5 32.Bc5 a4 33.bxa4 bxa4 34.Qxa4 Qb7+ 35.Qc6 Qxc6+ 36.Rxc6 Ra8 37.a3 Rb8
38.Kf3 Kf7 39.Bb4 Rd8 40.Rd6 Rc8 41.Ke4 Rc4+ 42.Kd5 Rf4 43.Rd7+ Kg6 44.Bc5 Bf8
45.Bxf8 Rxf8 46.Rd6+ Kg7 47.Kxe5 Rxf2 48.Rd3 Rf4 49.Kd5 Ra4 50.Kc6 Ra8 51.Kb5 Rb8+
52.Kc4 Rc8+ 53.Kb3 Rb8+ 54.Ka2 Ra8 55.Rb3 Ra6 56.Rb4 Kf6 57.a4 Ke5 58.Ka3 Kd5
59.Kb3 Kc5 60.Rb5+ Kc6 61.Rf5 Kc7 62.Rf7+ Kc8 63.Rh7 Re6 64.Kc4 Rc6+ 65.Kd5 Ra6
66.Ke5 Kd8 67.Rf7 Ke8 68.Rf6 Ra5+ 69.Ke4 Rxa4+ 70.Kf5 Ra5+ 71.Kg6 Ra3 72.Kxh6 Rxh3+
73.Kxg5 Ke7 74.Kg6 Rg3 75.g5 Rg1 76.Rf2 Rg3 77.Kh6 Rg1 78.g6 Rg3 79.Kh7  1-0

[Event "Belgrade op"]
[Site "Belgrade"]
[Date "1989.??.??"]
[Round "2"]
[White "Drasko, Milan"]
[Black "Matulovic, Milan"]
[Result "1-0"]
[WhiteElo "2485"]
[BlackElo "2425"]

1.c4 g6 2.d4 Bg7 3.Nf3 f5 4.g3 Nf6 5.Bg2 O-O 6.O-O d6 7.b3 e5 8.dxe5 dxe5
9.Ba3 Qxd1 10.Rxd1 Re8 11.Nc3 e4 12.Nd4 c6 13.e3 Nbd7 14.Bf1 Ne5 15.Rab1 b6
16.Bd6 Bb7 17.c5 Nfd7 18.b4 Bf8 19.Be2 Bxd6 20.cxd6 Rad8 21.Rb3 a6 22.Na4 Kf7
23.h3 h5 24.Rc3 Kf6 25.f4 exf3 26.Nxf3 Nf7 27.Nd4 Nfe5 28.Rf1 Kg7 29.Kh2 Rc8
30.Rfc1 Kf6 31.Bf1 Nf7 32.Bg2 b5 33.Nc5 Nxc5 34.bxc5 Ne5 35.Rf1 Kg7 36.e4 fxe4
37.Bxe4 Ng4+ 38.hxg4 Rxe4 39.Rf4 Re5 40.g5 b4 41.Rcf3 Rb8 42.Rf7+ Kg8 43.d7 Rd5
44.Ne6 Rd2+ 45.Kh3 a5 46.Rg7+ Kh8 47.Rff7 Ba6 48.Rh7+  1-0

[Event "Belgrade op"]
[Site "Belgrade"]
[Date "1989.??.??"]
[Round "6"]
[White "Vukanovic, Sasa"]
[Black "Pantos, Nenad"]
[Result "0-1"]
[WhiteElo "2280"]
[BlackElo "2270"]

1.Nf3 f5 2.d4 Nf6 3.g3 g6 4.Bg2 Bg7 5.O-O O-O 6.c4 d6 7.Nc3 Qe8 8.b3 e5 9.dxe5 dxe5
10.Ba3 Rf7 11.e4 Nc6 12.Re1 f4 13.Ng5 Rd7 14.Nd5 h6 15.Nf3 g5 16.gxf4 gxf4
17.Nh4 Nd4 18.Bh3 Rxd5 19.Bxc8 Qxc8 20.cxd5 Qh3 21.Bb2 Qxh4 22.Bxd4 exd4
23.Qf3 Ng4 24.Qg2 f3 25.Qg3 Qxg3+ 26.hxg3 Rf8 27.Rac1 Be5 28.Rc4 Bxg3 29.fxg3 f2+
30.Kf1 Nh2+ 31.Ke2 d3+ 32.Kd1 fxe1=Q+ 33.Kxe1 Rf1+ 34.Kd2 Nf3+ 35.Kxd3 Ne5+
36.Ke2 Nxc4 37.Kxf1 Nd2+  0-1